| 000 | 01100nab a22002537a 4500 | ||
|---|---|---|---|
| 999 |
_c6492 _d6492 |
||
| 003 | OSt | ||
| 005 | 20260213103714.0 | ||
| 008 | 190506c xxu||||| |||| 00| 0 spa d | ||
| 040 | _cPJ | ||
| 100 |
_aSánchez, María Verónica _97104 |
||
| 245 | 1 | 0 |
_aSindicatos. La necesidad de reinventarse / _cMaría Verónica Sánchez. |
| 260 |
_aBuenos Aires : _bAbeledoPerrot, _c2023. |
||
| 300 | _ap. 12-16 | ||
| 500 | _aCita: TR LALEY AR/DOC/1200/2023. | ||
| 505 | _aSumario: I. Estado de la cuestión.— II. Sistema sindical argentino.— III. Doctrina social de la Iglesia.—IV. Corolario.— V. Referencias bibliográficas. | ||
| 505 | _t¿Te interesa el texto completo? Comunicate al correo: koha@justierradelfuego.gov.ar | ||
| 650 | 0 |
_91316 _aDERECHO LABORAL |
|
| 650 | 0 |
_91323 _aCONTRATO DE TRABAJO |
|
| 650 | 0 |
_91367 _aASOCIACIONES SINDICALES |
|
| 650 | 0 |
_91383 _aLEY DE CONTRATO DE TRABAJO |
|
| 650 | 0 |
_91354 _aCONVENIOS COLECTIVOS DE TRABAJO |
|
| 773 | 0 |
_02751 _93202 _dBuenos Aires : AbeledoPerrot, 2013- _tRevista de derecho laboral y seguridad social. Nº 13 - Julio 2023 |
|
| 942 |
_2udc _cANA |
||